000 00269nam a2200097Ia 4500
001 642484
005 20250826153527.0
008 250824s9999 xx 000 0 und d
245 0 _aİTİRAFLARIM ANTİK DÜNYA KLASİKLERİ
_cTOLSTOY
260 _bANTİK DÜNYA KLASİKLERİ
999 _c642484
_d642484